书目信息 |
| 题名: |
梁启超选集
|
|
| 作者: | 梁启超 著 ;李华兴 , 吴嘉勋 编 | |
| 分册: | ||
| 出版信息: | 上海 上海人民出版社 1984 |
|
| 页数: | 912页 | |
| 开本: | 21cm | |
| 丛书名: | ||
| 单 册: | ||
| 中图分类: | B259.1 | |
| 科图分类: | ||
| 主题词: | 梁启超--哲学 , 梁启超 | |
| 电子资源: | ||
| ISBN: | ||
| 000 | 00734nam0 2200265 45 | |
| 001 | 0184010470 | |
| 005 | 20050525111031.6 | |
| 010 | @dCNY4.60 | |
| 091 | @a11074.582 | |
| 100 | @a19950511d1984 emky0chiy0121 ea | |
| 101 | 0 | @achi |
| 102 | @aCN@b310000 | |
| 105 | @af z 000yy | |
| 200 | 10 | @a梁启超选集@Aliang qi chao xuan ji@f梁启超著@FLiang Qi Chao Zhu@g李华兴,吴嘉勋编 |
| 210 | @a上海@c上海人民出版社@d1984 | |
| 215 | @a912页@c照片,摹真@d21cm | |
| 606 | 0 | @a梁启超@x哲学 |
| 606 | 0 | @a梁启超 |
| 690 | @aB259.1@v3 | |
| 701 | 0 | @a梁启超@4著 |
| 702 | 0 | @a李华兴@Ali hua xing@4编 |
| 702 | 0 | @a吴嘉勋@Awu jia xun@4编 |
| 801 | 0 | @aCN@b上海图书馆@c20040428 |
| 801 | 2 | @aCN@bNLC@c20040428 |
| 905 | @dB259.1@e15@f1@b135814 | |
| 梁启超选集/梁启超著/李华兴,吴嘉勋编.-上海:上海人民出版社,1984 |
| 912页:照片,摹真;21cm |
| ISBN :CNY4.60 |
| ● |
| 相关链接 |
|
|
|
|
正题名:梁启超选集
索取号:B259.1/15
 
预约/预借
| 序号 | 登录号 | 条形码 | 馆藏地/架位号 | 状态 | 备注 |
| 1 | 0135813 | 000523339 | 密集书库/ [索取号:B259.1/15] | 在馆 | |
| 2 | 0135814 | 002040785 | 第一样本阅览室/ [索取号:B259.1/15] | 在馆 | |
| 3 | 0135815 | 001764503 | 密集书库/ [索取号:B259.1/15] | 在馆 |